000 00856nam a22002657a 4500
001 BR8301571
003 BR-BrBNA
005 20230928091630.0
007 ta
008 230509b bl.||||| |||| 00| 0 por d
040 _aBR-BrBNA
_bpor
_cBiblioteca Nacional de Agricultura
041 _a(Por)
072 _aE50
_b/G514
090 _ E50 BR8301571
100 1 _aAlmeida, I.M. de
110 1 _aFederacao da Agricultura do Estado do Parana, Curitiba (Brasil)
245 1 _aO exodo rural. Efeitos e origens - Alguns fatores de correcao [Parana, Brasil]
260 3 _aCuritiba, PR (Brasil):
_c1983.
300 _a16 p.
500 _a(*) Documento disponível no(a) Federacao da Agricultura do Estado do Parana, Curitiba (Brazil). Biblioteca
650 _aMIGRACAO RURAL
650 _aPARANA
909 _a202309
_bLucia
_c55
_dLucia Elande
942 _cBK
999 _c34754
_d34754